Statistics for The 15 Tallest Buildings in the World

Click here to take the quiz!

General Stats

  • This quiz has been taken 4 times
  • The average score is 3 of 15

Answer Stats

HintAnswer% Correct
Dubai, UAEBurj Khalifa
100%
New York City, USAOne World Trade Center
50%
Shanghai, ChinaShanghai Tower
50%
Taipei, TaiwanTaipei 101
50%
Kuala Lumpur, MalaysiaMerdeka 118
25%
New York City, USACentral Park Tower
0%
Beijing, ChinaChina Zun
0%
Guangzhou, ChinaGuangzhou CTF Finance Center
0%
Hong KongInternational Commerce Center
0%
Seoul, South KoreaLotte World Tower
0%
Mecca, Saudi ArabiaMecca Clock Tower
0%
Shenzen, ChinaPing An International Finance Center
0%
Shanghai, ChinaShanghai World Financial Center
0%
Tianjin, ChinaTianjin CTF Finance Center
0%
Wuhan, ChinaWuhan Greenland Center
0%

Score Distribution

Percentile by Number Answered

Percent of People with Each Score

Your Score History

You have not taken this quiz